00450 a2200121 4500001001000000005001700010008004100027245014800068100002600216700002400242773004500266999001700311ART_5074220260410162043.0260409a 10aPrecisiones sobre el "acto en ciernes" en la Acción Declarativa de Certeza legislada en el Código Procesal Civil y Comercial de la Nación1 aStepanenko, Felipe C.1 aKarschenboim, Laura0 tImpuestosg- N°70 (feb. 2020)wREV45175 c35122d35122